000 00306nam a22000977a 4500
008 150618b xxu||||| |||| 00| 0 eng d
010 _8HCCRSF:005
245 _aHIGH COURT CRIMINAL SESSION NO.292 OF 1969 Uganda Vs Luka Musoke
260 _aHigh Court Kampala
500 _3BEFORE: Hon. Mr. Ag. Justice Y.V. Phadke
999 _c6424
_d6424